Не верю! Как увидеть правду в море дезинформации

Бібліографічні деталі
Автор: Грант Дж. Джон
Інші автори: Бакушева Е. (переводчик)
Резюме:Вакцины спасают от самых страшных болезней или приводят к аутизму? Земля теплеет или остывает? Вылечит ли вас гомеопатия и акупунктура? Когда наступит конец света? От кого мы все же произошли: от обезьян, Адама и Евы или инопланетян? Правда и вымысел, наука и лженаука перемешались в книгах, на сайтах, в речах политиков и в наших головах. Какже понять, чему верить? Единственный способ — мыслить критически. В книге "Не верю" Джон Грант на примерах самых обсуждаемых, скандальных и значимых споров современности объясняет, как понять, что вам пытаются запудрить мозги. Автор не просто рассказывает о том, что правда, а что вымысел, но вооружает нас целым арсеналом логических и критических инструментов, которые помогут самостоятельно разобраться в бесконечном потоке противоречивой информации. Вы узнаете о риторических уловках и шаблонах, которые чаще всего используют лжецы, а также поймете, как выглядит настоящее научное доказательство.
Мова:Російська
Опубліковано: Москва, Альпина Паблишер, 2017
Предмети:
Формат: Книга
KOHA link:https://koha.lib.tpu.ru/cgi-bin/koha/opac-detail.pl?biblionumber=379385

MARC

LEADER 00000nam0a2200000 4500
001 379385
005 20231206125957.0
010 |a 978-5-9614-6264-7 
035 |a (RuTPU)RU\TPU\retro\36852 
090 |a 379385 
100 |a 20231002d2017 km|y0rusy50 ca 
101 1 |a rus  |c eng 
102 |a RU 
105 |a y z 001yy 
181 0 |a i   |b  e  
182 0 |a n 
183 0 |a nc  |2 RDAcarrier 
200 1 |a Не верю! Как увидеть правду в море дезинформации  |d Debunk IT! How to Stay Sane in a World of Misinformation  |f Джон Грант  |g пер. с англ. Е. Бакушевой 
203 |a Текст  |b визуальный  |c непосредственный 
210 |a Москва  |c Альпина Паблишер  |d 2017 
215 |a 293 с. 
283 |a volume  |2 RDAcarrier 
320 |a Литература: с. 287-292 
330 |a Вакцины спасают от самых страшных болезней или приводят к аутизму? Земля теплеет или остывает? Вылечит ли вас гомеопатия и акупунктура? Когда наступит конец света? От кого мы все же произошли: от обезьян, Адама и Евы или инопланетян? Правда и вымысел, наука и лженаука перемешались в книгах, на сайтах, в речах политиков и в наших головах. Какже понять, чему верить? Единственный способ — мыслить критически. В книге "Не верю" Джон Грант на примерах самых обсуждаемых, скандальных и значимых споров современности объясняет, как понять, что вам пытаются запудрить мозги. Автор не просто рассказывает о том, что правда, а что вымысел, но вооружает нас целым арсеналом логических и критических инструментов, которые помогут самостоятельно разобраться в бесконечном потоке противоречивой информации. Вы узнаете о риторических уловках и шаблонах, которые чаще всего используют лжецы, а также поймете, как выглядит настоящее научное доказательство. 
510 1 |a Debunk IT! How to Stay Sane in a World of Misinformation  |z eng 
606 1 |a Наука  |9 64332 
606 1 |a Истина  |x Философия  |9 39903 
610 1 |a лженаука 
610 1 |a дезинформация 
610 1 |a научные мифы 
610 1 |a логика 
610 1 |a научные вымыслы 
610 1 |a суеверия 
610 1 |a научное доказательства 
610 1 |a некачественная информация 
610 1 |a критическое мышление 
686 |2 rubbk  |a Ч21 
686 |2 rubbk  |a Ю226 
700 1 |a Грант  |b Дж.  |g Джон 
702 1 |4 730  |a Бакушева  |b Е. 
801 1 |a RU  |b 63413507  |c 20231002 
942 |c BK